Pure mathematics 1 : (Record no. 8151)
[ view plain ]
| 000 -LEADER | |
|---|---|
| fixed length control field | 00924cam a2200253 i 4500 |
| 001 - CONTROL NUMBER | |
| control field | 21097120 |
| 003 - CONTROL NUMBER IDENTIFIER | |
| control field | OSt |
| 005 - DATE AND TIME OF LATEST TRANSACTION | |
| control field | 20241203140217.0 |
| 008 - FIXED-LENGTH DATA ELEMENTS--GENERAL INFORMATION | |
| fixed length control field | 190722s2018 enka 001 0 eng |
| 010 ## - LIBRARY OF CONGRESS CONTROL NUMBER | |
| LC control number | 2019301204 |
| 020 ## - INTERNATIONAL STANDARD BOOK NUMBER | |
| International Standard Book Number | 9781108562898 |
| Qualifying information | (paperback) |
| 020 ## - INTERNATIONAL STANDARD BOOK NUMBER | |
| International Standard Book Number | 9781108407144 |
| Qualifying information | (paperback + Cambridge Online Mathematics, 2 years) |
| 020 ## - INTERNATIONAL STANDARD BOOK NUMBER | |
| Canceled/invalid ISBN | 9781108462204 |
| Qualifying information | (Cambridge Online Mathematics, 2 years) |
| 040 ## - CATALOGING SOURCE | |
| Original cataloging agency | DDC |
| Transcribing agency | MUST |
| 100 1# - MAIN ENTRY--PERSONAL NAME | |
| Personal name | Pemberton, Sue |
| Titles and words associated with a name | (Mathematics examiner), |
| 9 (RLIN) | 16645 |
| 245 10 - TITLE STATEMENT | |
| Title | Pure mathematics 1 : |
| Remainder of title | coursebook / |
| Statement of responsibility, etc. | Sue Pemberton. |
| 246 3# - VARYING FORM OF TITLE | |
| Title proper/short title | Pure mathematics one |
| 264 #1 - PRODUCTION, PUBLICATION, DISTRIBUTION, MANUFACTURE, AND COPYRIGHT NOTICE | |
| Place of production, publication, distribution, manufacture | Cambridge, United Kingdom : |
| Name of producer, publisher, distributor, manufacturer | Cambridge University Press, |
| Date of production, publication, distribution, manufacture, or copyright notice | 2018. |
| 300 ## - PHYSICAL DESCRIPTION | |
| Extent | x, 321p.: |
| Other physical details | illustrations (some color) ; |
| Dimensions | 28 cm. |
| 490 0# - SERIES STATEMENT | |
| Series statement | Cambridge international AS & A level mathematics |
| 504 ## - BIBLIOGRAPHY, ETC. NOTE | |
| Bibliography, etc | Includes index. |
| 650 #0 - SUBJECT ADDED ENTRY--TOPICAL TERM | |
| Topical term or geographic name as entry element | Mathematics |
| General subdivision | Examinations |
| Form subdivision | Study guides. |
| 9 (RLIN) | 16646 |
| 942 ## - ADDED ENTRY ELEMENTS (KOHA) | |
| Source of classification or shelving scheme | Dewey Decimal Classification |
| Koha item type | Book Bank |
No items available.
